Представление документа в формате MARC21

Поле Инд. ПП Название Значение
Тип записи a
Библиографический уровень m
001 _ Контрольный номер RU\infra-m\znanium\bibl\1036363
005 _ Дата корректировки 20250915104116.1
008 Кодируемые данные 200918s2019 RU g rus u
020 a ISBN 978-5-16-009391-8
020 a ISBN 978-5-16-100395-4
040 a Служба первич. каталог. Общество с ограниченной ответственностью «ЗНАНИУМ»
041 a Код языка текста rus
044 a Код страны публикации RU
080 a Индекс УДК 811.111(075.8)
084 2 Источник индекса rubbk
a Индекс другой классификации/Индекс ББК 81.2Англ.я73
084 2 Источник индекса okso
a Индекс другой классификации/Индекс ББК 38.03.01
084 2 Источник индекса okso
a Индекс другой классификации/Индекс ББК 38.03.02
100 1_ a Автор Маньковская Зоя Викторовна
q Полное имя Зоя Викторовна
245 a Заглавие Деловой английский язык: ускоренный курс
b Продолж. заглавия Учебник
c Ответственность Московский государственный технический университет им. Н.Э. Баумана, Мытищинский ф-л
250 a Основные сведения об издании 1
260 a Место издания Москва
b Издательство ООО "Научно-издательский центр ИНФРА-М"
c Дата издания 2020
300 a Объем 160 с.
520 a Аннотация Учебное пособие закладывает основы делового общения на английском языке, знакомя студентов с транскрипцией английского языка, основными правилами чтения, грамматическими конструкциями, необходимыми для чтения и глубокого понимания специальных текстов и успешного ведения профессионально ориентированного диалога на начальном уровне.
521 a Примеч. о целев. назн. ВО - Бакалавриат
650 a Основная рубрика Филологические науки
x Основная подрубрика Английский язык
852 x Примечание, не предназначенное для пользователя znanium2022
856 4_ a Имя сервера/домена znanium.com
m Помощь ebs_support@infra-m.ru
n Местонахождение сервера НИЦ ИНФРА-М
u URL http://znanium.com/catalog/document?id=343624
z Примечание для пользователя Участвует в КО
856 41 a Имя сервера/домена znanium.com
d Путь /cover/1036
f Электронное имя 1036363.jpg
q Тип электронного формата image/jpeg
u URL https://znanium.com/cover/1036/1036363.jpg